000 00789nam a2200253 a 4500
001 1203
003 BR-CuiBMT
005 20231201005642.0
008 231113s2013 mtba 000 0 por d
020 _a9788586422416
040 _aBR-CuiBMT
_cBR-CuiBMT
080 _a94
_x(817.2)
_22007
090 _a94(817.2)
_bM672r
100 1 _aMiranda, Graci Ourives de
245 1 0 _aRiquezas lícitas de Mato Grosso /
_cGraci Ourives de Miranda.
260 _aCuiabá :
_bGráfica Print,
_c2013.
300 _a352 p. :
_bil. ;
_c22 cm
504 _aInclui bibliografia.
650 _aMato Grosso
_xComércio, séc. XVIII e XIX
650 _aPoaeiros
_xHistória
_zMato Grosso
650 _aPoaia (Planta)
_zMato Grosso
650 _aIpecacuanha
_xPlanta medicinal
_zMato Grosso
942 _2udc
_cLV
999 _c1203
_d1203